|
|
|
|
| LEADER |
03000nam a22005655i 4500 |
| 001 |
978-0-387-25342-8 |
| 003 |
DE-He213 |
| 005 |
20151030081558.0 |
| 007 |
cr nn 008mamaa |
| 008 |
100301s2005 xxu| s |||| 0|eng d |
| 020 |
|
|
|a 9780387253428
|9 978-0-387-25342-8
|
| 024 |
7 |
|
|a 10.1007/b107202
|2 doi
|
| 040 |
|
|
|d GrThAP
|
| 050 |
|
4 |
|a QR180-189.5
|
| 072 |
|
7 |
|a MJCM
|2 bicssc
|
| 072 |
|
7 |
|a MED044000
|2 bisacsh
|
| 082 |
0 |
4 |
|a 616.079
|2 23
|
| 245 |
1 |
0 |
|a Hot Topics in Infection and Immunity in Children II
|h [electronic resource] /
|c edited by Andrew J. Pollard, Adam Finn.
|
| 264 |
|
1 |
|a Boston, MA :
|b Springer US,
|c 2005.
|
| 300 |
|
|
|a XXX, 234 p. 27 illus.
|b online resource.
|
| 336 |
|
|
|a text
|b txt
|2 rdacontent
|
| 337 |
|
|
|a computer
|b c
|2 rdamedia
|
| 338 |
|
|
|a online resource
|b cr
|2 rdacarrier
|
| 347 |
|
|
|a text file
|b PDF
|2 rda
|
| 490 |
1 |
|
|a Advances in Experimental Medicine and Biology,
|x 0065-2598 ;
|v 568
|
| 505 |
0 |
|
|a Emerging Infections and Children: Influenza and Acute Necrotizing Encephalopathy -- Chickenpox Party or Varicella Vaccine? -- The ABC of Epstein-Barr Virus Infections -- The Immune Response to Viral Lower Respiratory Tract Infection -- Chronic Granulomatous Disease: From Genetic Defect to Clinical Presentation -- Novel Primary Immunodeficiencies -- Periodic Fever -- BCG Vaccine -- Helminth Infections of Children: Prospects for Control -- Rabies on the Doorstep -- Prevention of Typhoid Fever -- Dexamethasone in the Treatment of Pediatric Bacterial Meningitis in Developing Countries: Is it Beneficial? -- Should Dexamethasone be Part of Routine Therapy of Bacterial Meningitis in Industrialised Countries? -- How to Interpret a CSF—The Art and the Science -- Reverse Vaccinology and Vaccines for Serogroup B Neisseria meningitidis.
|
| 520 |
|
|
|a Hot Topics in Infection and Immunity II provides a current view from leading experts concerning the hottest topics of concern to clinicians caring for children with infections. The book brings together a collection of manuscripts from a faculty of authors of international standing who contributed to a course in Paediatric Infection and Immunity in Oxford, UK in June 2004.
|
| 650 |
|
0 |
|a Medicine.
|
| 650 |
|
0 |
|a Immunology.
|
| 650 |
|
0 |
|a Virology.
|
| 650 |
|
0 |
|a Infectious diseases.
|
| 650 |
|
0 |
|a Pathology.
|
| 650 |
|
0 |
|a Pediatrics.
|
| 650 |
|
0 |
|a Microbiology.
|
| 650 |
1 |
4 |
|a Biomedicine.
|
| 650 |
2 |
4 |
|a Immunology.
|
| 650 |
2 |
4 |
|a Infectious Diseases.
|
| 650 |
2 |
4 |
|a Pediatrics.
|
| 650 |
2 |
4 |
|a Virology.
|
| 650 |
2 |
4 |
|a Microbiology.
|
| 650 |
2 |
4 |
|a Pathology.
|
| 700 |
1 |
|
|a Pollard, Andrew J.
|e editor.
|
| 700 |
1 |
|
|a Finn, Adam.
|e editor.
|
| 710 |
2 |
|
|a SpringerLink (Online service)
|
| 773 |
0 |
|
|t Springer eBooks
|
| 776 |
0 |
8 |
|i Printed edition:
|z 9780387253411
|
| 830 |
|
0 |
|a Advances in Experimental Medicine and Biology,
|x 0065-2598 ;
|v 568
|
| 856 |
4 |
0 |
|u http://dx.doi.org/10.1007/b107202
|z Full Text via HEAL-Link
|
| 912 |
|
|
|a ZDB-2-SBL
|
| 950 |
|
|
|a Biomedical and Life Sciences (Springer-11642)
|